Tedavi ve rehabilitasyon merkezleri raporu (Record no. 6623)

MARC details
000 -BAŞLIK
Sabit Uzunlukta Kontrol Alanı 00966na a2200289 4500
001 - KONTROL NUMARASI
Denetim Alanı 15701
003 - KONTROL NUMARASI IDENTIFIER
Denetim Alanı MIRAKIL
005 - SON İŞLEM TARİHİ VE ZAMANI
Denetim Alanı 20181213155113.0
008 - SABİT-BOY VERİ ELEMANLARI - GENEL BİLGİLER
Sabit Uzunlukta Kontrol Alanı 161006b tu 000 0
020 ## - ULUSLARARASI STANDART KİTAP NUMARASI
Uluslararası Standart Kitap Numarası 9757217174
035 ## - SİSTEM KONTROL NUMARASI
Sistem Kontrol Numarası 15701
040 ## - KATALOGLAMA KAYNAK
Orijinal Kataloglama Ajansı Milas
Kataloglama Dili tur
Metne Dönüştürmek Ajansı TR-AnCHP
041 ## - DİL KODU
Metin / Ses Parça Veya Ayrı Başlığın Dil Kodu tur
082 ## - DEWEY ONLU SINIFLANDIRMA NUMARASI
Sınıflandırma Numarası 346.0302642 1998
Ürün Numarası T53t 1999
090 ## - SINIFLAMA NUMARASI
Sınıflama Numarası 346.0302642 1998 T53t 1999
110 ## - ANA GİRİŞ - KURUMSAL ADI
Giriş Elemanı Olarak Kurumsal Ad Veya Yargı Alanı Adı Türkiye İnsan Hakları Vakfı (TİHV)
245 ## - BAŞLIK TABLOSU
Başlık Tedavi ve rehabilitasyon merkezleri raporu
Başlığın Kalan 1998
Sorumluluk Tablosu, Vb Türkiye İnsan Hakları Vakfı (TİHV)
260 ## - YAYIN, DAĞITIM, VB
Yayın, Dağıtım, Vb Yeri Ankara
Yayıncı, Dağıtıcı, Vs Adı Türkiye İnsan Hakları Vakfı Yayınları
Yayın, Dağıtım, Vb Tarihi 1999
300 ## - FİZİKSEL TANIM
Kapsam 79 s.
Diğer Fiziksel Ayrıntıları tbl. grf. , res.
Boyutlar 22 sm.
490 ## - SERİSİ TABLOSU
Seri Beyanı TİHV yayınları
Hacim / Ardışık Tanımı 19
650 ## - KONU KATMA GİRİŞ - TOPİKAL DÖNEM
Topikal Süreli Veya Coğrafi Ad Giriş Elemanı İşkence
Genel Alt Bölümü Rehabilitasyon
650 ## - KONU KATMA GİRİŞ - TOPİKAL DÖNEM
Topikal Süreli Veya Coğrafi Ad Giriş Elemanı İşkence
Genel Alt Bölümü Fiziksel rahatsızlıklar
650 ## - KONU KATMA GİRİŞ - TOPİKAL DÖNEM
Topikal Süreli Veya Coğrafi Ad Giriş Elemanı İşkence
Genel Alt Bölümü Raporlar
Coğrafi Alt Bölümü Türkiye
650 ## - KONU KATMA GİRİŞ - TOPİKAL DÖNEM
Topikal Süreli Veya Coğrafi Ad Giriş Elemanı İnsan hakları ihlali
Genel Alt Bölümü Raporlar
Coğrafi Alt Bölümü Türkiye
650 ## - KONU KATMA GİRİŞ - TOPİKAL DÖNEM
Topikal Süreli Veya Coğrafi Ad Giriş Elemanı İnsan hakları
Genel Alt Bölümü Raporlar
Coğrafi Alt Bölümü Türkiye
942 ## - EKLENDİ GİRİŞ ELEMANLARI (KOHA)
Sınıflandırma Veya Raf Düzeni Kaynak Dewey Decimal Classification
Koha Öğesi Türü Books
999 ## - SİSTEM KONTROL NUMARALARI (KOHA)
Koha Biblionumber 6623
Koha Biblioitemnumber 6623
Holdings
Kalıcı Konum Mevcut Konum Edinme Tarihi Edinim Kaynak Toplam Check-Out'Lar Tam Çağrı Numarası Barkod Tarih Son Görülme İtibaren Geçerli Fiyatlar Koha Öğesi Türü Kopya Sayısı
CHP Kütüphanesi CHP Kütüphanesi 09/21/2016 Bağış   346.0302642 1998 T53t 1999 003974 09/21/2016 09/21/2016 Books  
CHP Kütüphanesi CHP Kütüphanesi 09/21/2016 Bağış   346.0302642 1998 T53t 1999 003975 09/21/2016 09/21/2016 Books k.2